[Event "Heusenstamm Sparkassen op 8th"]
[Site "Heusenstamm"]
[Date "2022.11.18"]
[Round "3"]
[White "Fechner, Andreas"]
[Black "Gloeckler, Christian"]
[Result "0-1"]
[WhiteElo "1875"]
[BlackElo "2051"]
[PlyCount "102"]
[EventDate "2022.11.17"]
[EventType "swiss"]
[EventRounds "7"]
[EventCountry "GER"]
[SourceTitle "CBM 212 Extra"]
[Source "ChessBase"]
[SourceDate "2023.03.31"]
[SourceVersion "1"]
[SourceVersionDate "2023.03.31"]
[SourceQuality "1"]

1. d4 Nf6 2. c4 g6 3. Nf3 c5 4. Nc3 cxd4 5. Nxd4 d6 6. g3 Bg7 7. Bg2 a6 8. 0-0 0-0 9. e3 e6 10. b3 Qc7 11. Bb2 Rd8 12. Rc1 Qe7 13. Ba3 Ra7 14. Na4 e5 15. Ne2 b5 16. Nb6 Bb7 17. Bxb7 Qxb7 18. Nd5 Nxd5 19. Qxd5 Qxd5 20. cxd5 Kf8 21. Rc2 Ke8 22. Rfc1 Kd7 23. Nc3 f5 24. Nd1 a5 25. Bb2 b4 26. f3 Na6 27. Nf2 Rc7 28. e4 Rxc2 29. Rxc2 Nc5 30. Bc1 f4 31. gxf4 exf4 32. Bxf4 Rf8 33. Be3 Rxf3 34. Bxc5 dxc5 35. Kg2 Re3 36. Kf1 Kd6 37. Re2 Rf3 38. Kg2 Rf8 39. Nd1 Bd4 40. Ne3 Bxe3 41. Rxe3 Rf4 42. Kg3 g5 43. Re2 h5 44. h3 h4+ 45. Kg2 Ke5 46. Re1 a4 47. Re2 axb3 48. axb3 g4 49. Rc2 g3 50. Re2 c4 51. bxc4 Rf2+ 0-1